[Event "Superettan(Schack 08-Upsala)"]
[Site "?"]
[Date "2012.10.20"]
[Round "1"]
[White "Johansson, Jan"]
[Black "Laveryd, Peter"]
[Result "0-1"]
[WhiteElo "2445"]
[BlackElo "2420"]
[PlyCount "94"]
[EventDate "2012.10.22"]
[SourceDate "2012.10.22"]

1. d4 d6 2. e4 Nf6 3. Nc3 c6 4. f4 Qa5 5. Bd2 e5 6. dxe5 dxe5 7. f5 Qc7 8. Qf3
b5 9. g4 Bb7 10. g5 Nfd7 11. Nge2 Nb6 12. Ng3 N8d7 13. a4 b4 14. Nd1 a5 15. Ne3
O-O-O 16. Nc4 Nxc4 17. Bxc4 Nb6 18. Be2 Rxd2 19. Kxd2 Qd8+ 20. Ke1 Qxg5 21. Qf2
Nd7 22. Kf1 Bc5 23. Qf3 g6 24. Rd1 h5 25. Bc4 h4 26. Ne2 Nf6 27. Ng1 gxf5 28.
Nh3 Qg4 29. Qxf5+ Qxf5+ 30. exf5 Nd5 31. Ke2 f6 32. Kf3 Bd4 33. Rxd4 exd4 34.
Bxd5 cxd5 35. Rd1 Kd7 36. Nf4 Kd6 37. Re1 Bc8 38. Ne2 Bxf5 39. Nxd4 Be4+ 40.
Kf4 Rg8 41. Re2 Rg1 42. Nf5+ Kc5 43. Ne3 Rb1 44. c3 bxc3 45. bxc3 Ra1 46. Rb2
Rxa4 47. c4 dxc4 0-1

[Event "Superettan(Schack 08-Upsala)"]
[Site "?"]
[Date "2012.10.20"]
[Round "1"]
[White "Renman, Nils-Gustaf"]
[Black "Glimbrant, Torbjorn"]
[Result "1/2-1/2"]
[WhiteElo "2401"]
[BlackElo "2340"]
[PlyCount "46"]

1. d4 Nf6 2. Nf3 e6 3. c4 d5 4. Nc3 Be7 5. Bg5 O-O 6. e3 h6 7. Bh4 b6 8. Rc1
Bb7 9. cxd5 Nxd5 10. Bxe7 Qxe7 11. Bd3 Rc8 12. Nxd5 Bxd5 13. e4 Bb7 14. O-O c5
15. dxc5 Rxc5 16. Rxc5 Qxc5 17. Qd2 Nc6 18. Rc1 Qe7 19. Qe3 Rd8 20. a3 e5 21.
h3 Nd4 22. Nxd4 Rxd4 23. Rc3 Kh7 1/2-1/2

[Event "Superettan(Schack 08-Upsala)"]
[Site "?"]
[Date "2012.10.20"]
[Round "1"]
[White "Andersson, Fredrik"]
[Black "Ingbrant, Johan"]
[Result "1/2-1/2"]
[WhiteElo "2363"]
[BlackElo "2445"]
[PlyCount "57"]

1. e4 d6 2. d4 Nf6 3. Nc3 e5 4. Nf3 Nbd7 5. Bc4 Be7 6. O-O O-O 7. Re1 c6 8. a4
a5 9. h3 exd4 10. Nxd4 Nc5 11. Ba2 Qb6 12. Nb3 Nxb3 13. Bxb3 Be6 14. Nd5 cxd5
15. exd5 Bxh3 16. Rxe7 Bg4 17. Qd3 Rae8 18. Be3 Qd8 19. Rxb7 Nd7 20. c3 Qh4 21.
Qd4 Nc5 22. Rb5 Re4 23. Qd2 Nxb3 24. Rxb3 Rfe8 25. c4 Rxc4 26. Rc3 Rb4 27. Bg5
Qh5 28. Rg3 Bd7 29. Bf6 1/2-1/2

[Event "Superettan(Schack 08-Upsala)"]
[Site "?"]
[Date "2012.10.20"]
[Round "1"]
[White "Schutz, Ingemar"]
[Black "Burwick, Malte"]
[Result "0-1"]
[WhiteElo "2234"]
[BlackElo "2286"]
[PlyCount "84"]

1. e4 g6 2. d4 Bg7 3. Nc3 d6 4. f4 a6 5. Nf3 b5 6. Bd3 Nd7 7. e5 c5 8. Ng5 cxd4
9. e6 f5 10. exd7+ Bxd7 11. Nb1 e5 12. O-O h6 13. Nh3 e4 14. Be2 Qb6 15. Kh1
Ne7 16. Re1 Kf7 17. Bf1 Rhc8 18. c3 d3 19. Be3 Qb7 20. Nd2 b4 21. Rb1 Be6 22.
c4 d5 23. cxd5 Nxd5 24. Bg1 Rc2 25. Nb3 Bxb2 26. Bxd3 exd3 27. Nc5 Rxc5 28.
Bxc5 Bc3 29. Rf1 Qb5 30. Bg1 Nf6 31. a4 Qc4 32. Rf3 Rd8 33. Be3 Bd5 34. Rf1 Qe4
35. Rf3 Ng4 36. Bb6 Rd6 37. Bc5 Rc6 38. Ba7 d2 39. Nf2 Qe1+ 40. Qxe1 dxe1=Q+
41. Rxe1 Bxe1 42. Nxg4 fxg4 0-1

[Event "Superettan(Schack 08-Upsala)"]
[Site "?"]
[Date "2012.10.20"]
[Round "1"]
[White "Lindberg, Henrik"]
[Black "Faldt, Magnus"]
[Result "1-0"]
[WhiteElo "2268"]
[BlackElo "2203"]
[PlyCount "97"]

1. e4 c5 2. Nf3 Nc6 3. d4 cxd4 4. Nxd4 e6 5. Nc3 a6 6. Be2 Qc7 7. O-O Nf6 8.
Be3 Bb4 9. Na4 O-O 10. Nxc6 bxc6 11. Nb6 Rb8 12. Nxc8 Rfxc8 13. Bxa6 Re8 14.
Bd3 Bd6 15. b3 Bxh2+ 16. Kh1 Be5 17. Rb1 Bc3 18. f4 e5 19. Qf3 d5 20. fxe5 dxe4
21. Bxe4 Nxe4 22. Qxe4 Rxe5 23. Qf3 Rb4 24. g3 g6 25. Bf4 Qd7 26. Bxe5 Bxe5 27.
Rbd1 Qe6 28. c4 Rb7 29. Kg2 h5 30. Rfe1 Re7 31. Re2 Kg7 32. c5 Qc8 33. Rde1 f6
34. Rd1 Qa6 35. Rd3 Qb5 36. Rc2 g5 37. Qf5 Qb4 38. Rd7 Rxd7 39. Qxd7+ Kg6 40.
Qe8+ Kg7 41. Qxc6 h4 42. Qd7+ Kh6 43. Qf5 Qd4 44. gxh4 g4 45. Re2 Qd5+ 46. Qe4
Qxc5 47. Qxg4 Qd5+ 48. Qf3 Qd4 49. Qe3+ 1-0

[Event "Superettan(Schack 08-Upsala)"]
[Site "?"]
[Date "2012.10.20"]
[Round "1"]
[White "Arvidsson, Tomas"]
[Black "Marttala, Thomas"]
[Result "0-1"]
[WhiteElo "2033"]
[BlackElo "2235"]
[PlyCount "102"]

1. e4 e5 2. Nf3 Nc6 3. Bc4 d6 4. O-O Bg4 5. h3 h5 6. c3 Qf6 7. d3 Bxf3 8. Qxf3
Qxf3 9. gxf3 Nge7 10. Kh2 a6 11. b4 b5 12. Bb3 a5 13. bxa5 Nxa5 14. Bc2 Nec6
15. Bb2 Be7 16. Rg1 O-O 17. a3 Nd8 18. f4 Ne6 19. f5 Nf4 20. Nd2 c5 21. Nf3 Bf6
22. Ne1 c4 23. Rd1 Rfc8 24. Ng2 cxd3 25. Nxf4 dxc2 26. Rxd6 Rd8 27. Rxd8+ Bxd8
28. Nxh5 Nb3 29. Nxg7 Kf8 30. f6 Bxf6 31. Nf5 Rd8 32. a4 bxa4 33. Ba3+ Ke8 34.
Ne3 Rd2 35. Kg3 Bg5 36. Kf3 Bxe3 37. Kxe3 Rd1 38. Rg8+ Kd7 39. Rf8 Ke6 40. Re8+
Kf6 41. Ra8 c1=Q+ 42. Bxc1 Nxc1 43. f4 Rd3+ 44. Kf2 exf4 45. Rxa4 Rxh3 46. Ra5
Nd3+ 47. Ke2 Ne5 48. Ra6+ Kg5 49. Kd2 Rh2+ 50. Ke1 f3 51. c4 Kf4 0-1

[Event "Superettan(Schack 08-Upsala)"]
[Site "?"]
[Date "2012.10.20"]
[Round "1"]
[White "Johansson, Thomas"]
[Black "Hansson, Christian"]
[Result "1-0"]
[WhiteElo "2240"]
[BlackElo "2094"]
[PlyCount "61"]

1. d4 e6 2. c4 d5 3. Nc3 c6 4. Nf3 dxc4 5. e3 b5 6. a4 Bb4 7. Bd2 a5 8. axb5
Bxc3 9. Bxc3 cxb5 10. b3 Bb7 11. bxc4 b4 12. Bb2 Nf6 13. Bd3 Nbd7 14. O-O O-O
15. Nd2 Re8 16. f3 e5 17. Bc2 exd4 18. exd4 Qc7 19. Re1 Rxe1+ 20. Qxe1 Nb6 21.
Bd3 a4 22. Rb1 Re8 23. Qf2 Qf4 24. Bc1 a3 25. Rxb4 Re1+ 26. Qxe1 Qxd4+ 27. Qf2
Qxd3 28. Rxb6 a2 29. Rxb7 h6 30. Bb2 Qb1+ 31. Qf1 1-0

[Event "Superettan(Schack 08-Upsala)"]
[Site "?"]
[Date "2012.10.20"]
[Round "1"]
[White "Forsback, Lenny"]
[Black "Jansson, Borje"]
[Result "1-0"]
[WhiteElo "2058"]
[BlackElo "2265"]
[PlyCount "59"]

1. d4 Nf6 2. c4 g6 3. Nc3 Bg7 4. e4 d6 5. Nf3 O-O 6. Be2 e5 7. O-O exd4 8. Nxd4
Re8 9. Qc2 Nbd7 10. Be3 Nc5 11. f3 Nh5 12. Qd2 c6 13. Rfd1 f5 14. Nxc6 Qb6 15.
Nd4 fxe4 16. Ndb5 Qa5 17. Nxd6 Bxc3 18. bxc3 Be6 19. Nxe8 Rxe8 20. Qd6 Na4 21.
Bd4 Nxc3 22. Bxc3 Qxc3 23. Qd4 Nf4 24. Bf1 Qa5 25. Qxe4 Qc7 26. Qd4 b6 27. Qd6
Qf7 28. Re1 Rc8 29. Re4 g5 30. Rae1 1-0

[Event "Superettan(Limhamn II-Orebro)"]
[Site "?"]
[Date "2012.10.20"]
[Round "1"]
[White "Gruvaeus, Curt"]
[Black "Holst, Conny"]
[Result "1-0"]
[WhiteElo "2326"]
[BlackElo "2248"]
[PlyCount "73"]
[EventDate "2012.??.??"]
[SourceDate "2012.10.23"]

1. d4 Nf6 2. c4 e6 3. Nf3 Bb4+ 4. Nbd2 O-O 5. g3 d5 6. Bg2 dxc4 7. Qc2 c5 8.
dxc5 Bxc5 9. O-O Nc6 10. Nxc4 Qe7 11. a3 e5 12. e3 a5 13. b3 e4 14. Ng5 Bf5 15.
Bb2 Rac8 16. Bxf6 gxf6 17. Bxe4 Bxe4 18. Nxe4 b5 19. Ncd2 Ne5 20. Nxc5 Rxc5 21.
Qe4 Qe6 22. Rfd1 f5 23. Qb7 Rfc8 24. b4 R8c7 25. Qg2 axb4 26. axb4 Rc3 27. Nf3
Ng4 28. Nd4 Qe5 29. Qf3 h5 30. Ra8+ Kh7 31. Nxf5 Rc1 32. Nd4 Nxe3 33. fxe3
Rxd1+ 34. Qxd1 Qxe3+ 35. Kg2 Kg6 36. Rg8+ Kh7 37. Rg7+ 1-0

[Event "Superettan(Limhamn II-Orebro)"]
[Site "?"]
[Date "2012.10.20"]
[Round "1"]
[White "Mansson, Lars"]
[Black "Lind, Jan-Olov"]
[Result "1/2-1/2"]
[WhiteElo "2273"]
[BlackElo "2258"]
[PlyCount "78"]
[EventDate "2012.??.??"]

1. e4 c5 2. Nf3 g6 3. d3 Bg7 4. g3 Nc6 5. Bg2 e5 6. O-O Nge7 7. Nbd2 O-O 8. c3
d6 9. h3 h6 10. a3 Be6 11. b4 b6 12. Bb2 Rb8 13. Qe2 Qd7 14. Kh2 f5 15. b5 Nd8
16. a4 Nf7 17. Rfe1 Rbe8 18. Ra3 Ng5 19. Nxg5 hxg5 20. Nf3 Bf6 21. Bc1 f4 22.
g4 Kg7 23. Rh1 Rh8 24. Kg1 Ng8 25. c4 Nh6 26. Nh2 a6 27. Qa2 Ra8 28. Bb2 axb5
29. axb5 Rxa3 30. Qxa3 Qb7 31. Nf3 Nf7 32. Bf1 Ra8 33. Qc3 Qa7 34. Be2 Qa5 35.
Kg2 Qxc3 36. Bxc3 Ra2 37. Re1 Nd8 38. Kf1 Ra3 39. Rc1 Kf7 1/2-1/2

[Event "Superettan(Limhamn II-Orebro)"]
[Site "?"]
[Date "2012.10.20"]
[Round "1"]
[White "Drugge, Patrick"]
[Black "Tadjerbashi, Amir"]
[Result "1-0"]
[WhiteElo "2249"]
[BlackElo "2233"]
[PlyCount "53"]
[EventDate "2012.??.??"]

1. e4 e5 2. Nf3 Nc6 3. Bc4 Bc5 4. c3 Nf6 5. d3 d6 6. Nbd2 a6 7. Bb3 Ba7 8. h3
h6 9. Nf1 d5 10. Qe2 O-O 11. g4 dxe4 12. dxe4 Nh7 13. Rg1 Na5 14. Bc2 Be6 15.
Nxe5 Qf6 16. Nd3 Bc4 17. e5 Qh4 18. Rg3 Rfe8 19. Bf4 Ng5 20. Ne3 Be6 21. Ng2
Bxg4 22. Qxg4 Qxg4 23. Rxg4 Nf3+ 24. Ke2 Nxe5 25. Bxe5 f6 26. Re4 fxe5 27. Nxe5
1-0

[Event "Superettan(Limhamn II-Orebro)"]
[Site "?"]
[Date "2012.10.20"]
[Round "1"]
[White "Mansson, Peter"]
[Black "Blomstrom, Lars"]
[Result "0-1"]
[WhiteElo "2196"]
[BlackElo "2161"]
[PlyCount "98"]
[EventDate "2012.??.??"]

1. e4 e5 2. Nf3 Nc6 3. Bc4 Nf6 4. d3 Be7 5. c3 O-O 6. h3 d5 7. exd5 Nxd5 8. O-O
Qd6 9. Re1 Kh8 10. Bb3 Bf5 11. d4 exd4 12. Nxd4 Nxd4 13. Qxd4 c6 14. Bxd5 cxd5
15. Bf4 Qd7 16. Nd2 b6 17. Nf3 f6 18. Rad1 Rad8 19. c4 Bb4 20. Bd2 Bc5 21. Qxd5
Qc8 22. b4 Rxd5 23. cxd5 Bd6 24. Rc1 Qd7 25. Nd4 h5 26. Rc6 Be5 27. Nxf5 Qxf5
28. d6 Qd3 29. Be3 Bxd6 30. b5 Re8 31. Rec1 Rxe3 32. fxe3 Qxe3+ 33. Kh1 Qg3 34.
Kg1 Bc5+ 35. Kh1 Kh7 36. Rd1 h4 37. Re6 f5 38. Rf1 g6 39. Rf3 Qg5 40. Rf1 Qd2
41. a4 Qa2 42. Ree1 Qxa4 43. Ra1 Qxb5 44. Rxa7+ Kh6 45. Rd1 Qe2 46. Raa1 Qe5
47. Rab1 Bd6 48. Kg1 Qh2+ 49. Kf2 Bc5+ 0-1

[Event "Superettan(Limhamn II-Orebro)"]
[Site "?"]
[Date "2012.10.20"]
[Round "1"]
[White "Jonsson, Krister"]
[Black "Nylen, Anders"]
[Result "0-1"]
[WhiteElo "2142"]
[BlackElo "2184"]
[PlyCount "106"]

1. d4 Nf6 2. c4 g6 3. Nc3 d5 4. cxd5 Nxd5 5. e4 Nxc3 6. bxc3 Bg7 7. Bc4 c5 8.
Ne2 O-O 9. O-O Nc6 10. Be3 Bg4 11. f3 cxd4 12. cxd4 Na5 13. Bd3 Be6 14. Rc1
Bxa2 15. Qa4 Be6 16. d5 Bd7 17. Qb4 e6 18. Nf4 exd5 19. Nxd5 Be6 20. Ne7+ Kh8
21. Bb5 Nb3 22. Rcd1 Qa5 23. Qxa5 Nxa5 24. Nd5 a6 25. Be2 Rac8 26. f4 Rfe8 27.
Nb6 Rc6 28. f5 gxf5 29. exf5 Bb3 30. Rd7 Bf6 31. Rf3 Rxe3 32. Rxe3 Rxb6 33. Bh5
Kg7 34. g4 Bg5 35. Re4 Nc6 36. Kg2 Nb8 37. Rdd4 Bf6 38. Rd2 Bc3 39. Rd8 Nc6 40.
Rd7 Ne5 41. Rd8 Kf6 42. Kg3 h6 43. h4 a5 44. Kf4 Rb4 45. g5+ hxg5+ 46. hxg5+
Kg7 47. f6+ Kh7 48. Rxb4 axb4 49. Re8 Be6 50. Re7 b5 51. Bd1 Ng6+ 52. Ke3 Nxe7
53. fxe7 Bd7 0-1

[Event "Superettan(Limhamn II-Orebro)"]
[Site "?"]
[Date "2012.10.20"]
[Round "1"]
[White "Hansen, Anders"]
[Black "Sparv, Joakim"]
[Result "1-0"]
[WhiteElo "2096"]
[BlackElo "1847"]
[PlyCount "65"]

1. d4 d5 2. c4 c6 3. Nf3 Nf6 4. Nc3 dxc4 5. e4 Bg4 6. Bxc4 e6 7. Be3 Nbd7 8.
Qb3 Qc7 9. Nd2 Be7 10. f3 Bh5 11. O-O O-O 12. Rac1 Rfd8 13. Ne2 e5 14. Rfd1
exd4 15. Nxd4 Ne5 16. Be2 Bg6 17. Nf1 h6 18. Ng3 Qb6 19. Ndf5 Qb4 20. Nxe7+
Qxe7 21. Qa4 b6 22. a3 c5 23. Bb5 Nfd7 24. Ne2 Nb8 25. Rxd8+ Qxd8 26. Rd1 Qc8
27. Nf4 Kh7 28. Rd6 Qc7 29. Qd1 a6 30. Bf1 Nbc6 31. Qd5 f6 32. Nxg6 Kxg6 33. f4
1-0

[Event "Superettan(Limhamn II-Orebro)"]
[Site "?"]
[Date "2012.10.20"]
[Round "1"]
[White "Skoog, Daniel"]
[Black "Nurmi, Tommy"]
[Result "1/2-1/2"]
[WhiteElo "1817"]
[BlackElo "2108"]
[PlyCount "89"]

1. c4 f5 2. Nf3 Nf6 3. d4 e6 4. g3 d5 5. Bg2 c6 6. O-O Bd6 7. b3 Qe7 8. Bb2 O-O
9. Qc1 Bd7 10. Ba3 Be8 11. Bxd6 Qxd6 12. Qa3 Qxa3 13. Nxa3 Nbd7 14. Nb1 Bh5 15.
Nc3 Ne4 16. Rac1 Ndf6 17. Rfe1 Bxf3 18. Bxf3 Rad8 19. cxd5 exd5 20. e3 Nxc3 21.
Rxc3 Rd6 22. Be2 Nd7 23. b4 a6 24. a4 b5 25. Rec1 Rff6 26. a5 g5 27. g4 Nb8 28.
gxf5 Rxf5 29. Bg4 Rf8 30. f3 Kg7 31. Rd1 Rfd8 32. Rcd3 Nd7 33. e4 dxe4 34. fxe4
Ne5 35. Rg3 Ng6 36. Rc3 Ne7 37. Rcd3 Rf6 38. Rf3 Rxf3 39. Bxf3 Kg6 40. d5 cxd5
41. exd5 Rd6 42. Rc1 Kf6 43. Rc7 h5 44. Kf2 g4 45. Be4 1/2-1/2

[Event "Superettan(Limhamn II-Orebro)"]
[Site "?"]
[Date "2012.10.20"]
[Round "1"]
[White "Astrom, Lars"]
[Black "Sjogren, Stig"]
[Result "1-0"]
[WhiteElo "2080"]
[BlackElo "1802"]
[PlyCount "69"]

1. e4 e5 2. Nf3 Nc6 3. Bc4 Nf6 4. d3 Be7 5. O-O d6 6. c3 O-O 7. Nbd2 Na5 8. Bb5
a6 9. Ba4 b5 10. Bc2 c5 11. h3 Nc6 12. Re1 Re8 13. Nf1 Bf8 14. Ng3 g6 15. d4
cxd4 16. cxd4 exd4 17. Nxd4 Bb7 18. Nxc6 Bxc6 19. Bd2 Bg7 20. Bc3 d5 21. e5 Nd7
22. f4 Qh4 23. Ne2 Rac8 24. Qd2 Nc5 25. Nd4 Bh6 26. Nxc6 Rxc6 27. Qxd5 Rec8 28.
f5 Bf4 29. e6 fxe6 30. fxe6 Rd6 31. Qf3 Re8 32. e7 b4 33. Bxb4 Bh2+ 34. Kxh2
Qxb4 35. Rf1 1-0

[Event "Superettan(Kamraterna-Stockholms SS)"]
[Site "?"]
[Date "2012.10.20"]
[Round "1"]
[White "Henriksson, Johan"]
[Black "Andreasson, Ingvar"]
[Result "1/2-1/2"]
[WhiteElo "2311"]
[BlackElo "2402"]
[PlyCount "94"]

1. d4 e6 2. g3 c5 3. Nf3 b5 4. Bg2 Bb7 5. O-O Nf6 6. a4 b4 7. Nbd2 cxd4 8. Nb3
Be7 9. Nfxd4 Bxg2 10. Kxg2 O-O 11. Qd3 d5 12. Bf4 Qd7 13. Rfc1 Nc6 14. Nxc6
Qxc6 15. Nd4 Qd7 16. c3 Rfc8 17. cxb4 Bxb4 18. Qb5 Bf8 19. Qxd7 Nxd7 20. Nc6 f6
21. Rc2 e5 22. Rac1 Rxc6 23. Rxc6 exf4 24. Rc8 Rxc8 25. Rxc8 Nb6 26. Rc7 Nxa4
27. Rxa7 Nxb2 28. gxf4 Nc4 29. Rd7 Nb6 30. Rb7 Nc8 31. Rd7 Ne7 32. Kf3 Kf7 33.
Rd8 f5 34. e3 g6 35. Rd6 Bg7 36. h3 Bc3 37. Ke2 Bb4 38. Rb6 Bc3 39. Kd3 Bf6 40.
Rd6 Bh4 41. Ke2 Ke8 42. Kf3 Kf8 43. Kg2 Kf7 44. Kf3 Bf6 45. Ke2 Bh4 46. Kf3 Bf6
47. Ke2 Bh4 1/2-1/2

[Event "Superettan(Kamraterna-Stockholms SS)"]
[Site "?"]
[Date "2012.10.20"]
[Round "1"]
[White "Svensson, Bengt"]
[Black "Couso, Luis"]
[Result "1/2-1/2"]
[WhiteElo "2459"]
[BlackElo "2293"]
[PlyCount "39"]

1. e4 c5 2. Nf3 d6 3. d4 cxd4 4. Nxd4 Nf6 5. Nc3 a6 6. Bg5 e6 7. f4 h6 8. Bh4
Be7 9. Qf3 Qc7 10. O-O-O Nbd7 11. Bd3 b5 12. Rhe1 Bb7 13. Qg3 g5 14. fxg5 Nh5
15. Qg4 hxg5 16. Bxg5 Ne5 17. Qh4 Ng6 18. Qg4 Ne5 19. Qh4 Ng6 20. Qg4 1/2-1/2

[Event "Superettan(Kamraterna-Stockholms SS)"]
[Site "?"]
[Date "2012.10.20"]
[Round "1"]
[White "Uddenfeldt, Dan"]
[Black "Hamark, Jesper"]
[Result "1-0"]
[WhiteElo "2421"]
[BlackElo "2387"]
[PlyCount "63"]

1. c4 e6 2. Nf3 d5 3. b3 Nf6 4. g3 Be7 5. Bg2 c5 6. O-O O-O 7. d3 Nc6 8. Nc3 d4
9. Na4 Bd7 10. e3 e5 11. exd4 exd4 12. Re1 Bd6 13. a3 b6 14. Bd2 Rc8 15. Rb1
Bf5 16. Qc2 h6 17. b4 cxb4 18. axb4 b5 19. Nc5 Bxc5 20. bxc5 bxc4 21. Qxc4 Be6
22. Rxe6 fxe6 23. Qxe6+ Rf7 24. Nh4 Qd7 25. Qxd7 Nxd7 26. Bd5 Nxc5 27. Ng6 Rcc7
28. Bf4 Kh7 29. Bxc7 Rxc7 30. Rb5 Nxd3 31. Be4 Kg8 32. Bxd3 1-0

[Event "Superettan(Kamraterna-Stockholms SS)"]
[Site "?"]
[Date "2012.10.20"]
[Round "1"]
[White "Aberg, Anton"]
[Black "Bergstrom, Rolf"]
[Result "1-0"]
[WhiteElo "2411"]
[BlackElo "2313"]
[PlyCount "123"]

1. e4 c5 2. Nf3 e6 3. c3 Nf6 4. e5 Nd5 5. d4 cxd4 6. cxd4 b6 7. Nc3 Bb7 8. Bd3
Be7 9. O-O O-O 10. a3 f5 11. exf6 Nxf6 12. Ng5 Na6 13. d5 exd5 14. Nxd5 Bxd5
15. Bxa6 h6 16. Nf3 Be4 17. Bd3 d5 18. Nd4 Qd7 19. Bb5 Qd6 20. Bd2 a5 21. Rc1
Rfc8 22. Nc6 Bf8 23. Be3 d4 24. Nxd4 Nd5 25. Rxc8 Rxc8 26. Bd3 Nxe3 27. fxe3
Qg6 28. Bxe4 Qxe4 29. Qf3 Qxf3 30. gxf3 Be7 31. Rd1 Bf6 32. Rd2 Rd8 33. Kf2 Kf7
34. Ke2 Rd5 35. Kd3 Bxd4 36. Ke4 Rh5 37. Kxd4 Rh3 38. f4 Kf6 39. Ke4 Ke7 40.
Rg2 Kf6 41. Rc2 a4 42. Rf2 g5 43. f5 h5 44. Kd4 g4 45. e4 h4 46. e5+ Kf7 47.
Ke4 Rb3 48. Kf4 g3 49. hxg3 hxg3 50. Rg2 b5 51. Rxg3 Rxb2 52. e6+ Kf8 53. Rc3
b4 54. axb4 Rxb4+ 55. Ke5 Rb8 56. f6 Rb5+ 57. Kd6 Rb6+ 58. Kd7 Rb7+ 59. Rc7 Rb8
60. Rc8+ Rxc8 61. Kxc8 Ke8 62. f7+ 1-0

[Event "Superettan(Kamraterna-Stockholms SS)"]
[Site "?"]
[Date "2012.10.20"]
[Round "1"]
[White "Braathen, Tom"]
[Black "Svenn, Gosta"]
[Result "0-1"]
[WhiteElo "2143"]
[BlackElo "2340"]
[PlyCount "118"]

1. e4 d6 2. d4 Nf6 3. Nc3 g6 4. Be3 c6 5. Qd2 b5 6. f3 a6 7. Nge2 Nbd7 8. a4
Bb7 9. Nc1 Bg7 10. Be2 O-O 11. O-O Qc7 12. Nd1 e5 13. c3 d5 14. exd5 Nxd5 15.
Bf2 Rad8 16. Nb3 Rfe8 17. Re1 Nf4 18. Bf1 Nf8 19. Ne3 N8e6 20. Qc2 exd4 21.
cxd4 Nxd4 22. Nxd4 Bxd4 23. Kh1 Qb6 24. Ng4 c5 25. Rxe8+ Rxe8 26. Bxd4 cxd4 27.
Qd2 Nd5 28. axb5 axb5 29. Qg5 f6 30. Nh6+ Kg7 31. Qh4 Ne3 32. Ng4 Nxg4 33. Qxg4
Bc8 34. Qf4 Be6 35. h4 h5 36. Rc1 Bf7 37. Bd3 Re5 38. Be4 Qd8 39. Bd3 Qd7 40.
Qd2 Qd6 41. Be4 Bc4 42. Rd1 f5 43. Bd3 Bxd3 44. Qxd3 Rd5 45. Ra1 Qf4 46. Ra7+
Kh6 47. Qa3 Qxh4+ 48. Kg1 Qe1+ 49. Kh2 Qe5+ 50. g3 Rc5 51. Qb3 h4 52. f4 Qe2+
53. Kh3 Qf1+ 54. Kh2 Qf2+ 55. Kh3 Qxg3+ 56. Qxg3 hxg3 57. Rd7 Rc2 58. Kxg3 Rxb2
59. Rxd4 b4 0-1

[Event "Superettan(Kamraterna-Stockholms SS)"]
[Site "?"]
[Date "2012.10.20"]
[Round "1"]
[White "Mohammadi, Amir"]
[Black "Hammar, Bengt"]
[Result "0-1"]
[WhiteElo "2300"]
[BlackElo "2241"]
[PlyCount "104"]

1. e4 c5 2. Nc3 d6 3. g3 Nc6 4. Bg2 g6 5. d3 Bg7 6. Be3 Rb8 7. Qd2 e6 8. Nge2
Nge7 9. Bh6 O-O 10. h4 f6 11. Bxg7 Kxg7 12. f4 h6 13. g4 e5 14. g5 exf4 15.
gxh6+ Kh7 16. Qxf4 Be6 17. O-O-O b5 18. d4 b4 19. Nb1 Bc4 20. dxc5 Bxe2 21.
Rxd6 Qc7 22. Bh3 Ne5 23. Qf2 Bg4 24. Rxf6 Rxf6 25. Qxf6 Ng8 26. Qg5 Bxh3 27.
Rxh3 Qxc5 28. Rg3 Nxh6 29. b3 Nhf7 30. Qf4 Rc8 31. c3 Qd6 32. Qf1 Qe6 33. Qe2
Qf6 34. Kb2 Qxh4 35. Qg2 Qf6 36. Qh3+ Kg7 37. Rxg6+ Qxg6 38. Qxc8 Qg2+ 39. Kc1
Qf1+ 40. Kc2 Qd3+ 41. Kc1 Qe3+ 42. Kd1 Qxe4 43. Nd2 Qh1+ 44. Kc2 Qh7+ 45. Kd1
Qh5+ 46. Kc2 Qg6+ 47. Kd1 a5 48. Qc5 Nd3 49. Qxa5 Qg1+ 50. Kc2 Nfe5 51. Qc7+
Kh6 52. Qb6+ Qxb6 0-1

[Event "Superettan(Kamraterna-Stockholms SS)"]
[Site "?"]
[Date "2012.10.20"]
[Round "1"]
[White "Carlsten, Peter"]
[Black "Andersson, Johan"]
[Result "0-1"]
[WhiteElo "2124"]
[BlackElo "2171"]
[PlyCount "96"]

1. e4 d6 2. d4 Nf6 3. Nc3 c6 4. a4 Qa5 5. Bd3 e5 6. Nge2 Nbd7 7. O-O Be7 8. Kh1
O-O 9. f4 Re8 10. Be3 Bf8 11. dxe5 dxe5 12. f5 Qc7 13. h3 Nc5 14. Bxc5 Bxc5 15.
g4 h6 16. Ng3 b6 17. Qe2 Bb7 18. Bc4 Nh7 19. Qh2 a6 20. Bb3 b5 21. Nce2 Rad8
22. Ng1 Bxg1 23. Qxg1 c5 24. axb5 axb5 25. c3 c4 26. Bc2 Rd2 27. Rf2 Red8 28.
Qg2 R2d6 29. Re2 Nf6 30. Qf2 Qb6 31. Kg2 Kf8 32. Ra7 Qxf2+ 33. Kxf2 Rb6 34. Ke3
b4 35. cxb4 Rxb4 36. Ra4 Rxb2 37. Rxc4 Ba6 38. Rc5 Bxe2 39. Nxe2 Ra8 40. Bd3
Nd7 41. Rc7 Ke7 42. h4 Kd6 43. Rc3 Nb6 44. Rc1 Ra3 45. Rd1 Nc4+ 46. Kf2 Rd2 47.
Rc1 Raxd3 48. Rxc4 Rh3 0-1

[Event "Superettan(Kamraterna-Stockholms SS)"]
[Site "?"]
[Date "2012.10.20"]
[Round "1"]
[White "Martensson, Ulf"]
[Black "Nilsson, Mats E."]
[Result "1/2-1/2"]
[WhiteElo "2137"]
[BlackElo "2125"]
[PlyCount "41"]
[EventDate "2012.??.??"]

1. d4 e6 2. Nf3 c5 3. dxc5 Bxc5 4. e3 Nf6 5. c4 d5 6. a3 O-O 7. b4 Be7 8. Bb2
b6 9. Nbd2 Bb7 10. Be2 Nbd7 11. O-O Rc8 12. Rc1 Rc7 13. cxd5 Rxc1 14. Qxc1 Bxd5
15. Qa1 Qa8 16. Rc1 Rc8 17. Ba6 Rxc1+ 18. Qxc1 Qc6 19. Qxc6 Bxc6 20. Nd4 Ba8
21. Bb5 1/2-1/2

[Event "Superettan(Majorna-Solna)"]
[Site "?"]
[Date "2012.10.20"]
[Round "1"]
[White "Jonsson, Mikael"]
[Black "Enstrom, Henrik"]
[Result "0-1"]
[WhiteElo "2367"]
[BlackElo "2229"]
[PlyCount "66"]
[SourceDate "2012.10.26"]

1. d4 d6 2. e4 Nf6 3. Nc3 g6 4. Be3 c6 5. Qd2 b5 6. f3 b4 7. Na4 Qa5 8. b3 Ba6
9. Ne2 Nbd7 10. a3 Rb8 11. axb4 Qxb4 12. Qxb4 Rxb4 13. Nb2 Bxe2 14. Bxe2 Rb7
15. Kd2 Bg7 16. Ra6 c5 17. dxc5 Nxc5 18. Ra2 O-O 19. Rha1 Nfd7 20. Kc1 Rc8 21.
Kb1 Rcc7 22. Bc4 e6 23. Bd2 Ne5 24. Be2 Nc6 25. Ra3 d5 26. exd5 exd5 27. R1a2
Nd4 28. Bd3 Re7 29. Kc1 Nxd3+ 30. Nxd3 Nb5 31. Ra6 Re2 32. Rc6 Rb8 33. Nf4 Rf2
0-1

[Event "Superettan(Majorna-Solna)"]
[Site "?"]
[Date "2012.10.20"]
[Round "1"]
[White "Kall, Anders"]
[Black "Lundvik, Jonas"]
[Result "0-1"]
[WhiteElo "2169"]
[BlackElo "2272"]
[PlyCount "48"]

1. e4 c5 2. Nf3 Nf6 3. Nc3 d5 4. e5 Ne4 5. Bb5+ Bd7 6. e6 Bxb5 7. Nxb5 Nc6 8.
O-O f6 9. Qe2 g6 10. c4 Rc8 11. d3 Nd6 12. Nc3 dxc4 13. dxc4 Nd4 14. Nxd4 cxd4
15. Ne4 Bg7 16. Rd1 f5 17. Ng5 O-O 18. Bf4 Nxc4 19. Rac1 Qd5 20. b3 Nd6 21. h4
Ne4 22. Qf3 Rfd8 23. h5 Nc3 24. Qh3 Ne2+ 0-1

[Event "Superettan(Majorna-Solna)"]
[Site "?"]
[Date "2012.10.20"]
[Round "1"]
[White "Landgren, Andreas"]
[Black "Strom, Leif"]
[Result "1/2-1/2"]
[WhiteElo "2266"]
[BlackElo "2166"]
[PlyCount "135"]

1. d4 Nf6 2. c4 g6 3. Nc3 Bg7 4. e4 d6 5. Nf3 O-O 6. Be2 e5 7. O-O Nc6 8. d5
Ne7 9. Ne1 Nd7 10. Be3 f5 11. f3 f4 12. Bf2 g5 13. Rc1 Rf6 14. c5 a6 15. c6
bxc6 16. dxc6 Nf8 17. Nd3 Rh6 18. Nb4 Kh8 19. Re1 Qe8 20. Bf1 Rg6 21. Nbd5 Nxd5
22. exd5 g4 23. fxg4 Bxg4 24. Be2 Qc8 25. Bxg4 Qxg4 26. Qxg4 Rxg4 27. Re4 Ng6
28. Rb4 Bf6 29. h3 Rg5 30. Ne4 Rf5 31. Rb7 Bd8 32. Nxd6 cxd6 33. c7 Bxc7 34.
Rcxc7 Nf8 35. Bh4 Re8 36. Be7 Rf7 37. Bxd6 Rxc7 38. Rxc7 Ng6 39. Bb4 Rd8 40. d6
Kg8 41. Ra7 e4 42. Rxa6 Rd7 43. Rc6 Kf7 44. Rc4 e3 45. Rc7 Ke6 46. Rxd7 Kxd7
47. Kf1 h5 48. a4 Ne5 49. Ke2 Kc6 50. h4 Ng6 51. a5 Ne5 52. g3 fxg3 53. Kxe3 g2
54. Kf2 Nd3+ 55. Kxg2 Nxb4 56. Kf3 Kxd6 57. Kf4 Kd5 58. b3 Na6 59. Kf5 Nb4 60.
Kf6 Kd6 61. Kg5 Ke5 62. Kg6 Ke6 63. Kxh5 Kf5 64. Kh6 Kf6 65. h5 Na6 66. Kh7 Kf7
67. Kh6 Kf6 68. Kh7 1/2-1/2

[Event "Superettan(Majorna-Solna)"]
[Site "?"]
[Date "2012.10.20"]
[Round "1"]
[White "Panas, Itai"]
[Black "Karlsson, Tomas"]
[Result "1/2-1/2"]
[WhiteElo "2125"]
[BlackElo "2284"]
[PlyCount "82"]

1. c4 e6 2. g3 Nf6 3. Bg2 d5 4. Nf3 Be7 5. d4 O-O 6. O-O dxc4 7. Ne5 Nc6 8.
Bxc6 bxc6 9. Nxc6 Qe8 10. Nxe7+ Qxe7 11. b3 cxb3 12. axb3 Rd8 13. Ba3 Qd7 14.
Nc3 Bb7 15. f3 Qxd4+ 16. Qxd4 Rxd4 17. Bc5 Rd2 18. Bxa7 Nd5 19. Nxd5 Bxd5 20.
e4 Bxb3 21. Be3 Rxa1 22. Rxa1 Rd8 23. Rc1 Rc8 24. Rb1 Ba4 25. Bf4 f6 26. Rb4
Be8 27. Kf2 Kf7 28. Rb7 e5 29. Bd2 Ke6 30. Ke3 Kd6 31. Ba5 Bd7 32. Ra7 Bb5 33.
f4 exf4+ 34. gxf4 h5 35. h4 g6 36. Bc3 Ke6 37. Rb7 Ba6 38. Ra7 Bf1 39. Ra1 Bb5
40. Ra7 f5 41. Be5 fxe4 1/2-1/2